The Privacy of a Court Painter
| Titel: | The Privacy of a Court Painter : Michel Sittow and his Journeys to the Courts of Isabella of Castile, Christian II of Denmark, and Margaret of Austria / Oskar J. Rojewski, Mette Birkedal Bruun |
|---|---|
| Verfasser: | ; |
| In: |
Baltic journal of art history, Band 27 (2024), Seite 9-40 alle Artikel anzeigen |
| Veröffentlicht: | 2024 |
| Umfang: | 12 Illustrationen |
| Format: | Aufsatz |
| Sprache: | Englisch |
X
alg: 52909330 001A $03025:14-04-25 001B $01999:14-04-25 $t22:43:44.000 001D $03025:14-04-25 001U $0utf8 001X $00 002@ $0Aou 002C $aText $btxt $2rdacontent 002D $aohne Hilfsmittel zu benutzen $bn $2rdamedia 002E $aBand $bnc $2rdacarrier 003@ $0529093308 007A $0529093308 $aHEB 010@ $aeng 010E $erda 011@ $a2024 021A $aThe @Privacy of a Court Painter $dMichel Sittow and his Journeys to the Courts of Isabella of Castile, Christian II of Denmark, and Margaret of Austria $hOskar J. Rojewski, Mette Birkedal Bruun 028A $BVerfasser $4aut $8Rojewski, Oskar Jacek [Tp3] $9467236925 028C $BVerfasser $#Bruun, Mette Birkedal $4aut $7137633033 $8Birkedal Bruun, Mette$Z1967- [Tp3] $9210179589 031A $d27 $g32 $h9-40 $j2024 034M $a12 Illustrationen 039B $aEnthalten in $8--Abvc--. Baltic journal of art history. - Tartu : Univ. of Tartu Press, 2009-. - ISSN 1736-8812 $x202400000270000991 $9224987135 044K $#Michiel$#Zittoz, Michel $#Zittoz, Miguel $#Sittow, Michiel $#Michiel $#Michel $#Sitau, Michel $#Sitau, Michiel $#Sitau, Miguel $#Sithium, Michel $#Sithium, Michiel $#Sithium, Miguel $#Sittow, Miguel $#Sydu, Michel $#Sydu, Michiel $#Sydu, Miguel $#Syttow, Michel $#Syttow, Michiel $#Syttow, Miguel $#Zittoz, Michiel $#Zyttow, Michel $#Zyttow, Michiel $#Zyttow, Miguel $#Michiel Flamenco $#Michiel Le Flamand $711879745X $8Sittow, Michel$Z1469-1525 [Tp1] $9087138050 044K $RJuan $RIsabella von Portugal $RFerdinand $RJuan $RJohanna $RKatharina $#Isabella $#Isabel I. $#Isabel $#Ysabel $#Isabel I. $#Isabel $#Elisabeth I. $#Isabella I. $#Isabel I. $#Isabella I. $#Isabel I. $#Isabel I. $#Isabella I. $#Isabella I. $#Isabel $#Isabelle $#Isabelle $#Isabella $#Isabella $#Isabella I. $#Isabella I. $#Isabella I. $#Isabel I. $#Isabella I. $#Isabel $#Isabel $#Isabel $#Isabel $#Isabelle $#Isabel $711863982X $8$PIsabella$nI.$lKastilien, Königin$Z1451-1504 [Tp1] $9086980750 044K $RJohann $RChristine $#Christian II. $#Christian II. $#Christian $#Christian II. $#Christian II. $#Christian $#Christiern II. $#Christiern II. $#Christjern $#Kristian II. $#Kristian $#Christian II. $7119195380 $8$PChristian$nII.$lDänemark, König$Z1481-1559 [Tp1] $9087535394 044K $RMaximilian $RMaria $RPhilipp $#Margarete $#Margarete $#Marguerite $#Margaretha $#Margarete $#Margarete $#Margaretha $#Margarete $#Marguerite $#Margareta $#Margaretha $#Margarete $#Margarethe $#Margaretha $#Margaret $#Marguerite $#Margaretha $#Margarethe $#Margarita $7118730983 $8$PMargarete$lÖsterreich, Prinzessin$Z1480-1530 [Tp1] $9087071738 044K $RIberische Halbinsel $#Spanien $#Spanien $#Isbāniyā $#Spain $#Espagne $#Estado Español $#España $#Espanja $#Hispania $#Königreich Spanien $74055964-6 $8Spanien [Tgz] $9085155950 044K $RFäröer $RGrönland $#Dänemark $#Dänemark $#Dänemark $#Danmark $#Kongeriget Danmark $#Denmark $#Danemark $#Königreich Dänemark $#Danemarck $#Dannemarc $#Daniyah $#Dania $#Dennemarck $#Danyah $#Denemarken $74010877-6 $8Dänemark [Tg1] $9085021784 044K $RHöfische Kultur $#Courts and courtiers $#Cour et courtisans $#Fürstenhof $#Höfische Gesellschaft $#Hofgesellschaft $#Hofleben Hof $#Hofhaltung $#Höfisches Leben $74025453-7 $8Hof [Ts1] $9085063347 044K $RMaler $#Portrait painters $#Portraitistes $#Ritrattisti $#Portraitmaler $#Porträtmaler $#Porträtist $74332867-2 $8Bildnismaler [Ts1] $9088101444 045F $a709.479809024 $eDDC23BSB 045F/01 $a709 045F/03 $f09024 045F/03 $f09031 045F/03 $g4798 045F/03 $g4 045R $aGeschichte 1498-1518 045T $a9,10 lok: 52909330 78 exp: 52909330 78 1 #EPN 201B/01 $014-04-25 $t14:08:55.000 201C/01 $014-04-25 201U/01 $0utf8 203@/01 $01300248297 208@/01 $a14-04-25 $be 209A/01 $a/ $f000 $x00 209A/01 $ab*p $x01 220C/01 $akoe 247C/01 $82080>Marburg/Lahn, Herder-Institut, Forschungsbibliothek, Bibliographieportal $9336309341
| LEADER | 00000caa a2200000 c 4500 | ||
|---|---|---|---|
| 001 | 529093308 | ||
| 003 | DE-603 | ||
| 005 | 20250414224344.0 | ||
| 007 | tu | ||
| 008 | 250414s2024 xx |||| | u00||u|eng c | ||
| 035 | |a (DE-599)HEB529093308 | ||
| 040 | |a DE-603 |b ger |c DE-603 |d DE-603 |e rda | ||
| 041 | |a eng | ||
| 082 | 0 | 4 | |8 1\u |a 709.479809024 |q DE-101 |2 23/BSB |
| 084 | |a 9,10 |2 ssgn | ||
| 085 | |8 1\u |b 709 | ||
| 085 | |8 1\u |z 1 |s 09024 | ||
| 085 | |8 1\u |z 1 |s 09031 | ||
| 085 | |8 1\u |z 2 |s 4798 | ||
| 085 | |8 1\u |z 2 |s 4 | ||
| 100 | 1 | |a Rojewski, Oskar Jacek |e Verfasser |4 aut |0 (DE-603)467236925 |0 (DE-588)1214608442 |2 gnd | |
| 245 | 0 | 0 | |a The Privacy of a Court Painter |b Michel Sittow and his Journeys to the Courts of Isabella of Castile, Christian II of Denmark, and Margaret of Austria |c Oskar J. Rojewski, Mette Birkedal Bruun |
| 264 | 0 | |c 2024 | |
| 300 | |b 12 Illustrationen | ||
| 336 | |a Text |b txt |2 rdacontent | ||
| 337 | |a ohne Hilfsmittel zu benutzen |b n |2 rdamedia | ||
| 338 | |a Band |b nc |2 rdacarrier | ||
| 600 | 0 | 7 | |a Isabella |b I. |c Kastilien, Königin |d 1451-1504 |0 (DE-588)11863982X |0 (DE-603)086980750 |2 gnd |
| 600 | 0 | 7 | |a Christian |b II. |c Dänemark, König |d 1481-1559 |0 (DE-588)119195380 |0 (DE-603)087535394 |2 gnd |
| 600 | 0 | 7 | |a Margarete |c Österreich, Prinzessin |d 1480-1530 |0 (DE-588)118730983 |0 (DE-603)087071738 |2 gnd |
| 600 | 1 | 7 | |a Sittow, Michel |d 1469-1525 |0 (DE-588)11879745X |0 (DE-603)087138050 |2 gnd |
| 648 | 7 | |a Geschichte 1498-1518 |2 gnd | |
| 650 | 7 | |a Hof |0 (DE-588)4025453-7 |0 (DE-603)085063347 |2 gnd | |
| 650 | 7 | |a Bildnismaler |0 (DE-588)4332867-2 |0 (DE-603)088101444 |2 gnd | |
| 651 | 7 | |a Spanien |0 (DE-588)4055964-6 |0 (DE-603)085155950 |2 gnd | |
| 651 | 7 | |a Dänemark |0 (DE-588)4010877-6 |0 (DE-603)085021784 |2 gnd | |
| 700 | 1 | |a Birkedal Bruun, Mette |d 1967- |e Verfasser |4 aut |0 (DE-603)210179589 |0 (DE-588)137633033 |2 gnd | |
| 773 | 0 | 8 | |i Enthalten in |t Baltic journal of art history |d Tartu : Univ. of Tartu Press, 2009- |h 24 cm |x 1736-8812 |g Band 27 (2024), Seite 9-40 |w (DE-603)224987135 |w (DE-600)2563410-0 |
| 924 | 0 | |9 2080 |a (DE-603)1300248297 |b DE-2080 |c HES |d d |g / | |


